Marketing and competitiveness of markets in the age of new technologies
Salvato in:
| Autore principale: | |
|---|---|
| Natura: | Capitolo di libro |
| Lingua: | inglese |
| Soggetti: | |
| Tags: |
Nessun Tag, puoi essere il primo ad aggiungerne!!
|
MARC
| LEADER | 00000naa$a2200000$$$4500 | ||
|---|---|---|---|
| 001 | 0034319 | ||
| 005 | 20221128114057.3 | ||
| 041 | 0 | |a eng | |
| 044 | |a SK | ||
| 245 | 1 | 0 | |a Marketing and competitiveness of markets in the age of new technologies |c Elzbieta Zachwieja |
| 610 | 2 | 0 | |a marketing |
| 610 | 2 | 0 | |a konkurencieschopnosť |
| 610 | 2 | 0 | |a technológie nové |
| 610 | 2 | 0 | |a inovácia |
| 610 | 2 | 0 | |a komunikácia |
| 610 | 2 | 0 | |a trh elektronický |
| 100 | 1 | |a Zachwieja, Elzbieta | |